000
00219 a2200097 4500
001
16772
100
_a
Grafstein paul
245
_a
Pictorial handbook of technical devices
260
_a
_b
Arco
_c
090
_c
12639
_d
12639
942
_a
NUST-CAE
_c
M
_c
2935
999
_c
251845
_d
251845